000 00513nam a2200193Ia 4500
008 101110s9999 xx 000 0 und d
041 _aENGLISH
082 _bSR24027
100 _aRao R. S., Chawathe Vidya., Gadre A. G., Patel
245 _aCollege organic chemistry (SYBSC)
365 _b75
520 _aChemistry
546 _aENGLISH
630 _aCollege organic chemistry (SYBSC)
650 _aChemistry
655 _aChemistry
730 _aCollege organic chemistry (SYBSC)
942 _cBOOK
999 _c816708
_d816705